00475 2200181 4500001002100000008004100021035002000062245004500082100001200127250001800139260004800157300002000205020001800225084001400243082000800257650001200265990001600277INLIS000000000000012 ind  a0010-0425000012 abudidaya bercocok tanam mentiuncKurtubi aKurtubi aCetakan Kedua aBandung :bSinergi Pustaka Indonesia,c2010 a50 hlm.c25 cm. a978-745-718-4 a375 KUR b a375 aTanaman a00000000013